| 000 | 00729nam0a22002291 4500 | ||
|---|---|---|---|
| 001 | v19\rc\1250397 | ||
| 005 | 20250617234926.0 | ||
| 035 | _a(NLR Aleph) 004406716 | ||
| 090 |
_a3949906 _c3949906 |
||
| 100 | _a20060306d1907 |||y0rusy50 ca | ||
| 101 | 0 | _arus | |
| 102 | _aRU | ||
| 105 | _ay z ||||| | ||
| 200 | 1 | _aСведения для желающих поступить в Казанскую учительскую семинарию | |
| 210 |
_a[Казань] _d1907 |
||
| 215 | _a15 с. | ||
| 710 | 0 | 2 |
_aКазанская учительская семинария _9351313 _3RU\NLR\AUTH\889927847 |
| 801 | 0 |
_aRU _bNLR _gpsbo |
|
| 801 | 1 |
_aRU _bProSoft-M _2rusmarc |
|
| 852 |
_aNLR _j34.84.3.1324 |
||
| 942 | _cBOOK | ||
| 980 | _aNB | ||